00506 2200205 4500001002100000005001500021008004100036020002200077035001900099041000700118082000800125090001400133100002900147245003100176250001000207260003100217300002600248500001100274650001500285INLIS00000000000205520241224112451241224||||||||| | ||| |||| || |  a978-979-010-065-7 0010-1224002055 aid0 a577 a577 FER m0 aMelati Ferianita Fachrul00aMetode Sampling Bioekologi aEd. 1 aJakartabBumi Aksarac2008 aviii, 198 hlm.; 23 cm aCet. 2 0aIlmu Murni